<?xml version="1.0" encoding="UTF-8"?><?xml-stylesheet type="text/xsl" href="static/style.xsl"?><OAI-PMH xmlns="http://www.openarchives.org/OAI/2.0/" xmlns:xsi="http://www.w3.org/2001/XMLSchema-instance" xsi:schemaLocation="http://www.openarchives.org/OAI/2.0/ http://www.openarchives.org/OAI/2.0/OAI-PMH.xsd"><responseDate>2026-04-19T06:31:13Z</responseDate><request verb="GetRecord" identifier="oai:riubu.ubu.es:10259/8181" metadataPrefix="marc">https://riubu.ubu.es/oai/request</request><GetRecord><record><header><identifier>oai:riubu.ubu.es:10259/8181</identifier><datestamp>2023-12-04T12:35:33Z</datestamp><setSpec>com_10259.4_2520</setSpec><setSpec>com_10259_5086</setSpec><setSpec>com_10259_2604</setSpec><setSpec>com_10259_4313</setSpec><setSpec>com_10259_5363</setSpec><setSpec>col_10259.4_2521</setSpec><setSpec>col_10259_4314</setSpec><setSpec>col_10259_5364</setSpec></header><metadata><record xmlns="http://www.loc.gov/MARC21/slim" xmlns:doc="http://www.lyncode.com/xoai" xmlns:xsi="http://www.w3.org/2001/XMLSchema-instance" xmlns:dcterms="http://purl.org/dc/terms/" xsi:schemaLocation="http://www.loc.gov/MARC21/slim http://www.loc.gov/standards/marcxml/schema/MARC21slim.xsd">
<leader>00925njm 22002777a 4500</leader>
<datafield tag="042" ind1=" " ind2=" ">
<subfield code="a">dc</subfield>
</datafield>
<datafield tag="720" ind1=" " ind2=" ">
<subfield code="a">González Ceballos, Lara</subfield>
<subfield code="e">author</subfield>
</datafield>
<datafield tag="720" ind1=" " ind2=" ">
<subfield code="a">Cavia Camarero, María del Mar</subfield>
<subfield code="e">author</subfield>
</datafield>
<datafield tag="720" ind1=" " ind2=" ">
<subfield code="a">Fernández Muiño, Miguel Ángel</subfield>
<subfield code="e">author</subfield>
</datafield>
<datafield tag="720" ind1=" " ind2=" ">
<subfield code="a">Osés Gómez, Sandra María</subfield>
<subfield code="e">author</subfield>
</datafield>
<datafield tag="720" ind1=" " ind2=" ">
<subfield code="a">Sancho Ortiz, María Teresa</subfield>
<subfield code="e">author</subfield>
</datafield>
<datafield tag="720" ind1=" " ind2=" ">
<subfield code="a">Ibeas Cortes, Saturnino</subfield>
<subfield code="e">author</subfield>
</datafield>
<datafield tag="720" ind1=" " ind2=" ">
<subfield code="a">García García, Félix Clemente</subfield>
<subfield code="e">author</subfield>
</datafield>
<datafield tag="720" ind1=" " ind2=" ">
<subfield code="a">García Pérez, José Miguel</subfield>
<subfield code="e">author</subfield>
</datafield>
<datafield tag="720" ind1=" " ind2=" ">
<subfield code="a">Vallejos Calzada, Saúl</subfield>
<subfield code="e">author</subfield>
</datafield>
<datafield tag="260" ind1=" " ind2=" ">
<subfield code="c">2021-04</subfield>
</datafield>
<datafield tag="520" ind1=" " ind2=" ">
<subfield code="a">We have developed a new method for the rapid (2 h) and inexpensive (materials cost &lt; 0.02 €/sample) “2-in-1” determination of the total phenolic content (TPC) and the antioxidant activity (AOX) in honey samples. The method is based on hydrophilic colorimetric films with diazonium groups, which react with phenols rendering highly colored azo groups. The TPC of the sample is correlated to its trolox equivalent antioxidant capacity (TEAC). The intensity of the color allows us to determine both TPC and TEAC of the sample by the analysis of a picture taken with a smartphone that is analysed by the use of the color-definition-parameters (RGB). The controlled light conditions and the systematic use of the same camera avoid the periodical calibration of the system improving the efficiency of the method. Thus, it is a simple method carried out by non-specialized personnel and it involves much lower money and time investment compared to traditional methods.</subfield>
</datafield>
<datafield tag="024" ind2=" " ind1="8">
<subfield code="a">0308-8146</subfield>
</datafield>
<datafield tag="024" ind2=" " ind1="8">
<subfield code="a">http://hdl.handle.net/10259/8181</subfield>
</datafield>
<datafield tag="024" ind2=" " ind1="8">
<subfield code="a">10.1016/j.foodchem.2020.128300</subfield>
</datafield>
<datafield ind1=" " ind2=" " tag="653">
<subfield code="a">Honey</subfield>
</datafield>
<datafield ind1=" " ind2=" " tag="653">
<subfield code="a">Sensor</subfield>
</datafield>
<datafield ind1=" " ind2=" " tag="653">
<subfield code="a">Total phenolic content</subfield>
</datafield>
<datafield ind1=" " ind2=" " tag="653">
<subfield code="a">Antioxidant activity</subfield>
</datafield>
<datafield ind1=" " ind2=" " tag="653">
<subfield code="a">TEAC</subfield>
</datafield>
<datafield ind1=" " ind2=" " tag="653">
<subfield code="a">Polymer</subfield>
</datafield>
<datafield ind1=" " ind2=" " tag="653">
<subfield code="a">Polyphenols</subfield>
</datafield>
<datafield tag="245" ind1="0" ind2="0">
<subfield code="a">A simple one-pot determination of both total phenolic content and antioxidant activity of honey by polymer chemosensors</subfield>
</datafield>
</record></metadata></record></GetRecord></OAI-PMH>